Formulando una política industrial

Na minha lista:
Detalhes bibliográficos
Autor principal: Ramírez, Noel
Autor Corporativo: INCAE
Formato: Texto
Publicado em: s.l.: INCAE
Tags: Adicionar Tag
Sem tags, seja o primeiro a adicionar uma tag!

MARC

LEADER 00000 a a2200000 04500
001 21693
003
040
090 |a 096800  
100 |a Ramírez, Noel  
110 |a INCAE  
245 |a Formulando una política industrial  
260 |a s.l.:   |b INCAE  
300 |a 32 p.  
999 |c 15711  |d 15711